LEADER 00820nam0 2200253 450 001 000026212 005 20090615140848.0 100 $a20090615d1997----km-y0itay50------ba 101 0 $aeng 102 $aGB 105 $ay-------001yy 200 1 $aMATLAB$esymbolic math toolbox$euser's guide version 2$fCleve Moler, Peter J.Costa 210 $aNatick$cMathWorks$d1997 215 $aIV, (paginaz. varia)$cill.$d23 cm 500 10$aMATLAB$943557 610 1 $aMatlab 676 $a519.40285$v20$9Analisi numerica applicata. Elaborazione dei dati. Programmi. 700 1$aMoler,$bCleve B.$07843 701 1$aCosta,$bPeter J.$0633562 801 0$aIT$bUNIPARTHENOPE$c20090615$gRICA$2UNIMARC 912 $a000026212 951 $cDSA$aM 519.40285/22$bM s.i.$d2009 996 $aMATLAB$943557 997 $aUNIPARTHENOPE LEADER 00982nam0-2200349---450- 001 990004669230403321 005 20091006110125.0 035 $a000466923 035 $aFED01000466923 035 $a(Aleph)000466923FED01 035 $a000466923 100 $a19990604d1987----km-y0itay50------ba 101 0 $aita 102 $aIT 105 $ay-------001yy 200 1 $aAnoressia$eproblemi di terapia$f[contributi di Carlo Traversa, Leonardo Albrigo, Rosaria Basile ... et al.] 210 $aRoma$cBorla$d1987 215 $a222 p.$d20 cm 225 1 $aQuaderni di psicoterapia infantile$v16 610 0 $aAnoressia$aPsicoterapia 676 $a618.928914 676 $a362.25 702 1$aAlbrigo,$bLeonardo 702 1$aBasile,$bRosaria 702 1$aTraversa,$bCarlo 801 0$aIT$bUNINA$gRICA$2UNIMARC 901 $aBK 912 $a990004669230403321 952 $aP.1 PSV 380$bBibl.s.n.$fFLFBC 959 $aFLFBC 996 $aAnoressia$9555393 997 $aUNINA